| 000 | 00424nam a2200157 i 4500 | ||
|---|---|---|---|
| 001 | bg | ||
| 100 | 1 | _aNAŻENINA, R. | |
| 245 | 0 |
_aMetody i schematy vremennoj paderżki impulsnych signałov. / _cR.Nażenina, N.N.Nolkova, J.J. Cadovic. |
|
| 260 |
_aMoskva, _c1971. |
||
| 700 | 1 | _aNOLKOVA, N. N. | |
| 700 | 1 | _aCADOVIC, J. J. | |
| 040 | _cBPK | ||
| 041 | _apol | ||
| 942 | _cKS | ||
| 008 | s pl f |000 0 pol | ||
| 999 |
_c14065 _d14065 |
||
| 856 |
_uhttp://koha.tu.koszalin.pl/cgi-bin/koha/opac-detail.pl?biblionumber=14065 _yKatalog online BPK |
||